| 000 | 00589nam a2200205 a 4500 | ||
|---|---|---|---|
| 001 | BRCA_4213 | ||
| 005 | 20190320204604.0 | ||
| 008 | 070610s1976----ko-a######---#000-0#kor-# | ||
| 041 | _akor | ||
| 044 | _ako | ||
| 050 | 4 |
_aZ211.C6 _b.H57 1976 |
|
| 245 | 1 | 0 | _aThe History of Early Printing in Korea. |
| 260 |
_aSeúl, Corea del Sur _bThe Korean Library Science Research Institute _c1976 |
||
| 300 |
_a331 p. _bil. (algunas a color) _c38 cm. |
||
| 500 | _a60-186 | ||
| 546 | _aTexto en coreano e inglés | ||
| 650 | 1 | 4 |
_aImprenta _xHistoria _zCorea _910865 |
| 902 | _aGFM | ||
| 942 |
_2lcc _cB |
||
| 999 |
_c3924 _d3924 |
||